Footballeurs en K - Statistiques

Statistiques générales
  • Ce quiz a été pris 131 fois
  • Le résultat moyen est 14 sur 20
Statistiques - réponses
Par images Réponse % Correct
Kanté
98%
Koundé
98%
Kaka
96%
Kroos
96%
Kolo Muani
94%
Kimpembé
90%
Kimmich
85%
Konaté
85%
Koscielny
85%
Karembeu
77%
Kondogbia
70%
Koke
68%
Khazri
60%
Kuyt
55%
Kamara
54%
Kalou
48%
Kjaer
48%
Kopa
42%
Kanouté
21%
Kezman
12%
Aucun quiz correspondant
Distribution des résultats
% des personnes avec chaque résultat
Percentile par nombre de réponses
Votre historique - résultats
Vous n’avez pas pris ce quiz